000 00288nam a22001217a 4500
040 _cHS
082 _a530
100 _aអាត់ ចន្ថា
245 _aPhysic : រូបវិទ្យា
260 _aRUA
_bអាត់ ចន្ថា
_c2008
300 _a35p;
942 _cKB
999 _c10187
_d10187